Las uniones estables de pareja en Latinoamérica: aspectos constitucionales y legales
Sparad:
| Huvudupphovsmän: | , |
|---|---|
| Materialtyp: | Bok |
| Språk: | spanska |
| Publicerad: |
Valencia
Tirant Lo Blanch
2016
|
| Upplaga: | 1a. ed |
| Ämnen: | |
| Taggar: |
Lägg till en tagg
Inga taggar, Lägg till första taggen!
|
MARC
| LEADER | 00000cam a2200000 a 4500 | ||
|---|---|---|---|
| 001 | UCC8953 | ||
| 003 | CL-VaPUC | ||
| 008 | 190830e20160000sp |||||||||||||||||spa|d | ||
| 020 | |a 9788491193265 | ||
| 082 | 0 | 4 | |a 346.01698 |b BLA |2 21 |
| 100 | 0 | |a Blanco Rodríguez, Jinyola |e author |9 603660 | |
| 700 | 0 | |a Herrera, Marisa |e author |9 603661 | |
| 245 | 1 | 4 | |a Las uniones estables de pareja en Latinoamérica: aspectos constitucionales y legales |
| 250 | |a 1a. ed | ||
| 300 | |a 665 p | ||
| 942 | |c BK | ||
| 945 | |d 20190830 10:52:00 |a dcastane | ||
| 260 | |a Valencia |b Tirant Lo Blanch |c 2016 | ||
| 650 | 7 | |a UNIONES DE HECHO |2 CL-VaPUC |9 528870 | |
| 650 | 7 | |a MATRIMONIO |2 CL-VaPUC |9 603662 | |
| 650 | 0 | |a Derecho privado |9 258243 | |
| 583 | |a last modification |c 20190830 10:52:00 |k Rodrigo Vera | ||
| 999 | |c 375148 |d 375146 | ||
| 952 | |0 0 |1 0 |3 erb |4 0 |6 346_016980000000000_BLA_2016 |7 0 |8 WP_COW |9 561092 |a BIBDER |b BIBDER |e Fundación W and P Cowley |i 5596939 |o 346.01698 BLA 2016 |p 5596939 |r 2023-01-25 |w 2020-03-12 |y BK |z Catalogado en:20190830 |k WPC | ||